Chránené dielne sa chcú uplatniť na trhu práce

Ľudia so zdravotným alebo mentálnym postihnutím ťažko nachádzajú uplatnenie na trhu práce. Príčiny daného stavu. Ľudia s postihnutím sa na svoje povolanie pripravujú v špecializovaných školách a chránených dielňach. Počet takýchto chránených dielní na Slovensku. Jedným z úspešne sa rozbiehajúcich pr...

Ausführliche Beschreibung

Gespeichert in:
Bibliographische Detailangaben
1. Verfasser: Reiselová, Eva
Format: Buchkapitel
Sprache:Slowakisch
Schlagworte:
Tags: Tag hinzufügen
Keine Tags, Fügen Sie das erste Tag hinzu!

MARC

LEADER 00000naa a2200000 4500
001 r043227
005 20230921112310.3
041 0 |a slo 
044 |a SK 
245 1 0 |a Chránené dielne sa chcú uplatniť na trhu práce  |c Eva Reiselová 
520 |a Ľudia so zdravotným alebo mentálnym postihnutím ťažko nachádzajú uplatnenie na trhu práce. Príčiny daného stavu. Ľudia s postihnutím sa na svoje povolanie pripravujú v špecializovaných školách a chránených dielňach. Počet takýchto chránených dielní na Slovensku. Jedným z úspešne sa rozbiehajúcich projektov je kaviareň Radnička na Primaciálnom námestí v Bratislave, ktorá zamestnáva ľudí s mentálnym postihnutím. 
610 2 0 |a osoby so zníženou pracovnou schopnosťou 
610 2 0 |a invalidi 
610 2 0 |a dielne 
610 2 0 |a trh práce 
610 2 0 |a Slovensko 
100 1 |a Reiselová, Eva